000 00335nam a22001457a 4500
003 OSt
008 250425b |||||||| |||| 00| 0 eng d
020 _a9780099511892
100 _aRUSHDIE,Salman
245 _aMidnight,s Children
260 _aUnited kingdom
_bvintage
_c2021
300 _a647
650 _aGeneral
942 _2ddc
_cBK
999 _c13450
_d13450